| 000 | 00703nam a2200217Ia 4500 | ||
|---|---|---|---|
| 003 | IN-BaIIA | ||
| 008 | 211028s9999 xx 000 0 eng d | ||
| 020 | _a0-521-62362-6 | ||
| 040 | _cIIA Library | ||
| 080 |
_a524.88-43 _bTHE |
||
| 100 |
_aAbramowicz, M. A _923222 |
||
| 245 | 0 |
_aTheory of black hole accretion disks _cM. A. Abramowicz, G. Bjornsson and J. E. Pringle |
|
| 260 |
_aCambridge _bCambridge University Press _c1998 |
||
| 300 | _axi, 293p. | ||
| 490 | _aCambridge contemporary astrophysics | ||
| 650 |
_aBiography _91224 |
||
| 650 | _aScientists-Biography | ||
| 700 |
_aBjornsson, G _923223 |
||
| 700 |
_aPringle, J. E. _913961 |
||
| 942 | _cBK | ||
| 999 |
_c13190 _d13190 |
||